| 000 | 00653nmc a2200265 a 4500 | ||
|---|---|---|---|
| 003 | AR-BaBNM | ||
| 005 | 20251128211407.0 | ||
| 008 | 304020s2001 ||||||||||||||000 | spa|| | ||
| 020 | _a84-339-6930-7 | ||
| 040 | _cAR-BaBNM | ||
| 100 | 1 | _aAuster, Paul | |
| 245 | 1 | 0 | _aExperimentos con la verdad |
| 250 | _a2ยช ed. | ||
| 260 |
_aBarcelona _bAnagrama _c2001 |
||
| 300 | 0 | _a219 p. | |
| 490 | 0 |
_aPanorama de narrativas _v469 |
|
| 650 | 4 | _aLITERATURA ESTADOUNIDENSE | |
| 650 | 4 | _aENSAYO | |
| 650 | 4 | _aLITERATURA CONTEMPORANEA | |
| 650 | 4 | _aCRITICA LITERARIA | |
| 653 | _aNARRATIVA | ||
| 655 | _aLITERATURA | ||
| 942 | _cBK | ||
| 998 | _cmartin | ||
| 999 |
_c19495 _d19495 |
||